<?xml version="1.0" encoding="UTF-8"?>
<record
    xmlns:xsi="http://www.w3.org/2001/XMLSchema-instance"
    xsi:schemaLocation="http://www.loc.gov/MARC21/slim http://www.loc.gov/standards/marcxml/schema/MARC21slim.xsd"
    xmlns="http://www.loc.gov/MARC21/slim">

  <leader>01079nam a22002297a 4500</leader>
  <controlfield tag="005">20220520162650.0</controlfield>
  <controlfield tag="008">220520b           ||||| |||| 00| 0 eng d</controlfield>
  <datafield tag="040" ind1=" " ind2=" ">
    <subfield code="c">Aloy</subfield>
  </datafield>
  <datafield tag="041" ind1=" " ind2=" ">
    <subfield code="a">kan</subfield>
  </datafield>
  <datafield tag="082" ind1=" " ind2=" ">
    <subfield code="2">23</subfield>
    <subfield code="a">K894.8</subfield>
    <subfield code="b">PRAT</subfield>
  </datafield>
  <datafield tag="100" ind1=" " ind2=" ">
    <subfield code="a">Prabhakara Joshi M: &#xCAA;&#xCCD;&#xCB0;&#xCAD;&#xCBE;&#xC95;&#xCB0; &#xC9C;&#xCCB;&#xCB6;&#xCBF; &#xC8E;&#xC82;</subfield>
    <subfield code="9">38315</subfield>
  </datafield>
  <datafield tag="245" ind1=" " ind2=" ">
    <subfield code="a">Tattva Manana: Dharma tattva darshana purana vichara:</subfield>
    <subfield code="b">&#xCA4;&#xCA4;&#xCCD;&#xCA4;&#xCCD;&#xCB5; &#xCAE;&#xCA8;&#xCA8;: &#xCA7;&#xCB0;&#xCCD;&#xCAE; &#xCA4;&#xCA4;&#xCCD;&#xCA4;&#xCCD;&#xCB5; &#xCA6;&#xCB0;&#xCCD;&#xCB6;&#xCA8;  &#xCAA;&#xCC1;&#xCB0;&#xCBE;&#xCA3; &#xCB5;&#xCBF;&#xC9A;&#xCBE;&#xCB0; </subfield>
  </datafield>
  <datafield tag="260" ind1=" " ind2=" ">
    <subfield code="a">Mangaluru:</subfield>
    <subfield code="b">Aakrithi Aashaya Publication,</subfield>
    <subfield code="c">2016.</subfield>
  </datafield>
  <datafield tag="300" ind1=" " ind2=" ">
    <subfield code="a">viii,191p.</subfield>
    <subfield code="b">PB</subfield>
    <subfield code="c">21x14cm.</subfield>
  </datafield>
  <datafield tag="365" ind1=" " ind2=" ">
    <subfield code="2">Kannada</subfield>
    <subfield code="a">328</subfield>
    <subfield code="b">153.00</subfield>
    <subfield code="c">&#x20B9;</subfield>
    <subfield code="d">180.00</subfield>
    <subfield code="e">15%</subfield>
    <subfield code="f">12-05-2022</subfield>
  </datafield>
  <datafield tag="650" ind1=" " ind2=" ">
    <subfield code="a">Kannada Miscellaneous:  &#xC95;&#xCA8;&#xCCD;&#xCA8;&#xCA1; &#xCB5;&#xCBF;&#xCB5;&#xCBF;&#xCA7; </subfield>
    <subfield code="9">38303</subfield>
  </datafield>
  <datafield tag="650" ind1=" " ind2=" ">
    <subfield code="a">Kannada Literature: &#xC95;&#xCA8;&#xCCD;&#xCA8;&#xCA1; &#xCB8;&#xCBE;&#xCB9;&#xCBF;&#xCA4;&#xCCD;&#xCAF; </subfield>
    <subfield code="9">38304</subfield>
  </datafield>
  <datafield tag="650" ind1=" " ind2=" ">
    <subfield code="a">Shaiva Darshanagalu: &#xCB6;&#xCC8;&#xCB5; &#xCA6;&#xCB0;&#xCCD;&#xCB6;&#xCA8;&#xC97;&#xCB3;&#xCC1; </subfield>
    <subfield code="9">38305</subfield>
  </datafield>
  <datafield tag="650" ind1=" " ind2=" ">
    <subfield code="2">Purana Adhyayana: &#xCAA;&#xCC1;&#xCB0;&#xCBE;&#xCA3; &#xC85;&#xCA7;&#xCCD;&#xCAF;&#xCAF;&#xCA8; </subfield>
  </datafield>
  <datafield tag="700" ind1=" " ind2=" ">
    <subfield code="a">JOSHI (M Prabhakara): &#xC9C;&#xCCB;&#xCB6;&#xCBF; (&#xC8E;&#xC82; &#xCAA;&#xCCD;&#xCB0;&#xCAD;&#xCBE;&#xC95;&#xCB0;)</subfield>
    <subfield code="9">38306</subfield>
  </datafield>
  <datafield tag="942" ind1=" " ind2=" ">
    <subfield code="2">ddc</subfield>
    <subfield code="c">BK</subfield>
  </datafield>
  <datafield tag="999" ind1=" " ind2=" ">
    <subfield code="c">223041</subfield>
    <subfield code="d">223041</subfield>
  </datafield>
  <datafield tag="952" ind1=" " ind2=" ">
    <subfield code="0">0</subfield>
    <subfield code="1">0</subfield>
    <subfield code="2">ddc</subfield>
    <subfield code="4">0</subfield>
    <subfield code="7">0</subfield>
    <subfield code="8">KAN</subfield>
    <subfield code="a">AL</subfield>
    <subfield code="b">AL</subfield>
    <subfield code="d">2022-05-16</subfield>
    <subfield code="e">Aakrati Aashaya Publications, Mangaluru-575001</subfield>
    <subfield code="g">153.00</subfield>
    <subfield code="l">0</subfield>
    <subfield code="o">K894.8 PRAT</subfield>
    <subfield code="p">075794</subfield>
    <subfield code="r">2022-05-20 00:00:00</subfield>
    <subfield code="v">180.00</subfield>
    <subfield code="w">2022-05-20</subfield>
    <subfield code="y">BK</subfield>
  </datafield>
</record>
